000 00500nam a2200169Ia 4500
008 090711s9999 xx 000 0 und d
082 _b57490
100 _aदिघे प्रभाकर तुकाजी
245 _aसामना
260 _c1978
300 _a216
600 _aदिघे प्रभाकर तुकाजी
630 _aसामना
700 _aदिघे प्रभाकर तुकाजी
730 _aसामना
942 _cBOOK
999 _c310100
_d310100